=LDR 00000nam 2200000 4500 =001 INLIS000000000014976 =005 20130612110245 =008 ***********************************Ind** =035 ##$$0010-061300000014976 =041 ##$$a Ind =082 ##$$a 635.5 =090 ##$$a 635.5, Ruk b =100 ##$$a Rukmana, Rahmad =245 ##$$a Bertanam seledri, Rahmad rukmana =260 ##$$a 1991 $b Yogyakarta =300 ##$$a 52 hlm, Ilus, 21 cm =650 ##$$a Seledri =850 ##$$a NBPNMAT